Sales law and the contracting process / (Record no. 3176)
[ view plain ]
| 000 -LEADER | |
|---|---|
| fixed length control field | 00845nam a2200241 a 4500 |
| 001 - CONTROL NUMBER | |
| control field | 1055720 |
| 005 - DATE AND TIME OF LATEST TRANSACTION | |
| control field | 20250128175531.0 |
| 008 - FIXED-LENGTH DATA ELEMENTS--GENERAL INFORMATION | |
| fixed length control field | 900921r1991 nyu 001 0 eng |
| 020 ## - INTERNATIONAL STANDARD BOOK NUMBER | |
| International Standard Book Number | 0882778595 |
| 050 00 - LIBRARY OF CONGRESS CALL NUMBER | |
| Classification number | KF914 |
| Item number | .S38 1991 |
| 082 00 - DEWEY DECIMAL CLASSIFICATION NUMBER | |
| Classification number | 346.73/072 |
| -- | 347.30672 |
| Edition information | 20 |
| 100 1# - MAIN ENTRY--PERSONAL NAME | |
| Personal name | Schwartz, Alan, |
| Dates associated with a name | 1940- |
| 245 10 - TITLE STATEMENT | |
| Title | Sales law and the contracting process / |
| Statement of responsibility, etc. | by Alan Schwartz and Robert E. Scott. |
| 250 ## - EDITION STATEMENT | |
| Edition statement | 2nd ed. |
| 260 ## - PUBLICATION, DISTRIBUTION, ETC. | |
| Place of publication, distribution, etc. | Westbury, N.Y. : |
| Name of publisher, distributor, etc. | Foundation Press, |
| Date of publication, distribution, etc. | 1991. |
| 300 ## - PHYSICAL DESCRIPTION | |
| Extent | xlix, 544, 6 p. ; |
| Dimensions | 27 cm. |
| 440 #0 - SERIES STATEMENT/ADDED ENTRY--TITLE | |
| Title | University casebook series |
| 500 ## - GENERAL NOTE | |
| General note | "Reprinted from Schwartz and Scott's commercial transactions, principles and policies, second edition"--T.p. verso. |
| 500 ## - GENERAL NOTE | |
| General note | Includes index. |
| 650 #0 - SUBJECT ADDED ENTRY--TOPICAL TERM | |
| Topical term or geographic name entry element | Sales |
| Geographic subdivision | United States |
| General subdivision | Cases. |
| 700 1# - ADDED ENTRY--PERSONAL NAME | |
| Personal name | Scott, Robert E., |
| Dates associated with a name | 1944- |
| 942 ## - ADDED ENTRY ELEMENTS (KOHA) | |
| Source of classification or shelving scheme | Library of Congress Classification |
| Koha item type | Books |
| Edition | 2nd Ed. |
| Suppress in OPAC | No |
| 999 ## - | |
| -- | 3176 |
| -- | 3176 |
| Withdrawn status | Lost status | Source of classification or shelving scheme | Damaged status | Not for loan | Collection | Home library | Current library | Shelving location | Date acquired | Total checkouts | Full call number | Barcode | Date last seen | Copy number | Price effective from | Koha item type |
|---|---|---|---|---|---|---|---|---|---|---|---|---|---|---|---|---|
| Library of Congress Classification | Non-fiction | Business Library (Miotso) | Business Library (Miotso) | General stacks | 01/28/2025 | KF914 .S38 1991 | BSSM00000725 | 01/28/2025 | 1 | 01/28/2025 | Books |